Practical Cost and Management Accounting: a Fresh Approach. (Record no. 1620)

MARC details
005 - DATE AND TIME OF LATEST TRANSACTION
control field 20250423111019.0
020 ## - INTERNATIONAL STANDARD BOOK NUMBER
International Standard Book Number 0 330 29747 3
082 ## - DEWEY DECIMAL CLASSIFICATION NUMBER
Classification number 657.42 KNO
100 ## - MAIN ENTRY--PERSONAL NAME
Author name KNOTT, G.
245 ## - TITLE STATEMENT
Title Practical Cost and Management Accounting: a Fresh Approach.
250 ## - EDITION STATEMENT
Edition statement 2nd Ed.
260 ## - PUBLICATION, DISTRIBUTION, ETC.
Place of publication, distribution, etc. London,
Name of publisher, distributor, etc. Cox & Wyman Ltd,
Date of publication, distribution, etc. 1987.
300 ## - PHYSICAL DESCRIPTION
Extent 368p.: ill.; figure
Other physical details Index
Dimensions 20cm
942 ## - ADDED ENTRY ELEMENTS (KOHA)
Source of classification or shelving scheme Dewey Decimal Classification
Koha item type Books
Holdings
Date last seen Total checkouts Full call number Barcode Cost, replacement price Price effective from Koha item type Lost status Source of classification or shelving scheme Damaged status Not for loan Withdrawn status Home library Current library Shelving location Date acquired Cost, normal purchase price
04/23/2025   657.42 KNO 0000006174 30000.00 04/23/2025 Books   Dewey Decimal Classification       College of Business Education Main Library College of Business Education Main Library General Collection 04/23/2025 10000.00
04/25/2025   657. 42 KNO 0000006225 30000.00 04/25/2025 Books   Dewey Decimal Classification       College of Business Education Main Library College of Business Education Main Library General Collection 04/25/2025 10000.00